000 00353nam a22001577a 4500
003 SGT
020 _a9780471463023
082 _a624,MIT
100 _aMITCHELL, JAMES K.
245 _aFUNDAMENTALS OF SOIL BEHAVIOR
250 _a2ND
260 _aCANDA
_bJOHN AND SONS INS
_c2005
300 _a577
650 _aCIVIL ENGNEERING
942 _2ddc
_cBK
999 _c25849
_d25849